| 000 | 01051cam a22002891i 4500 | ||
|---|---|---|---|
| 001 | 3584471 | ||
| 003 | EG-ScBUE | ||
| 005 | 20240321095243.0 | ||
| 008 | 730208r19671960njub f b 001 0 eng d | ||
| 040 |
_aDLC _beng _erda _cDLC _dDLC _dEG-ScBUE |
||
| 082 | 0 | 4 |
_a940.53141 _222 _bFEI |
| 100 | 1 |
_aFeis, Herbert, _d1893-1972, _eauthor. _910764 |
|
| 245 | 1 | 0 |
_aBetween war and peace : _bthe potsdam conference / _cBy Herbert Feis. |
| 250 | _aThird printing. | ||
| 264 | 1 |
_aPrinceton, N.J. : _bPrinceton University Press, _c1967. |
|
| 300 |
_aviii, 367 pages : _bmaps ; _c24 cm |
||
| 336 |
_2rdacontent _atext _btxt |
||
| 337 |
_aunmediated _2rdamedia _bn |
||
| 338 |
_avolume _bnc _2rdacarrier |
||
| 500 | _a"A continuation of the narrative in [the author's] Churchill-Roosevelt-Stalin." | ||
| 504 | _aIncludes bibliographical references and index. | ||
| 611 | 2 | 7 |
_aPotsdam Conference _d(1945) _2BUEsh _910765 |
| 650 | 7 |
_910766 _aWorld War, 1939-1945 _xPeace. _2BUEsh |
|
| 655 | _vReading book | ||
| 942 |
_2ddc _cBB |
||
| 999 |
_c13233 _d13233 |
||